000
00334nam a22001457a 4500
003
OSt
005
20160727222405.0
008
160623b xxu||||| |||| 00| 0 eng d
040
_c
TEST
100
_9
802
_a
Rowlands, J
245
_a
One Hour Kites
260
_a
NEW YORK
_b
DRYAD PRESS
_c
1989
300
_a
One Hour Kites
942
_2
ddc
_c
BK
999
_c
641
_d
641